Meistgestreamten Künstler*innen auf Spotify - Statistiken

Allgemein
  • Dieses Quiz wurde 610 mal gespielt
  • Das Durchschnittsergebnis liegt bei 6 aus 20
Antwortstatistiken
Monatl. Hörer*innen (in Millionen) Künstler*in % Korrekt
51,2 Cardi B
80%
62,1 Drake
65%
53,6 Justin Bieber
62%
51,4 Ed Sheeran
59%
50,8 Ariana Grande
45%
65 The Weeknd
44%
55,5 Dua Lipa
29%
44,3 Travis Scott
29%
44,4 Harry Styles
27%
45 Lady Gaga
25%
44,9 Nicki Minaj
23%
44,6 Post Malone
21%
44,7 Selena Gomez
21%
44 Juice Wrld
16%
48,2 Jason Derulo
5%
57 J Balvin
5%
44,1 Maroon 5
5%
48,8 Marshmello
3%
49 Khalid
2%
44,2 Ozuna
2%
Keine übereinstimmenden Quizze gefunden
Verteilung der Resultate
Anzahl Personen mit jedem Resultat
Perzentil nach korrekt beantworteten Fragen
Ihre Resultats-Entwicklung
Sie haben dieses Quiz noch nicht gespielt